Geographic Groups of Two - Island Countries - Statistics

General Stats
  • This quiz has been taken 190 times
  • The average score is 26 of 30
Answer Stats
Hint Countries % Correct
Countries whose names are exactly four letters long Fiji
94%
Countries of Oceania that begin with the letter F Fiji
94%
Countries that share the island of Hispaniola Haiti
94%
African countries that begin with the letter M Madagascar
94%
Countries of Oceania that begin with the letter N Nauru
94%
African Countries that begin with the letter S Seychelles
94%
North American countries that begin with the letter B Barbados
93%
Countries that share the island of Hispaniola Dominican Republic
92%
Countries that share the island of New Guinea Papua New Guinea
92%
Countries that border Indonesia Papua New Guinea
92%
African Countries that begin with the letter S São Tomé and Principe
92%
Asian countries that begin with the letter S Singapore
92%
Countries of Oceania that begin with the letter T Tuvalu
92%
African countries that begin with the letter M Mauritius
91%
African countries that begin with the letter C Comoros
90%
Countries of Oceania that begin with the letter T Tonga
90%
North American countries that begin with the letter B Bahamas
88%
Asian countries that begin with the letter B Brunei
88%
African countries that begin with the letter C Cape Verde
87%
Countries that border Indonesia East Timor
86%
Countries of Oceania that begin with the letter N New Zealand
86%
Countries that begin with the letter J Jamaica
84%
Countries that share the island of New Guinea Indonesia
83%
Countries that begin with the letter J Japan
83%
Countries that end with ‘LANDS’, not ‘LAND’ Marshall Islands
83%
Countries that end with ‘LANDS’, not ‘LAND’ Solomon Islands
83%
Asian countries that begin with the letter S Sri Lanka
79%
Asian countries that begin with the letter B Bahrain
78%
Countries of Oceania that begin with the letter F Federated States of Micronesia
78%
Countries whose names are exactly four letters long Cuba
73%
No matching quizzes found
Score Distribution
Percent of People with Each Score
Percentile by Number Answered
Your Score History
You have not taken this quiz